Manual Práctico de Tecnología Radiológica Dental y Maxilofacial (Registro nro. 2079)

Detalles MARC
000 -LEADER
fixed length control field 02011nam a22002417a 4500
003 - CONTROL NUMBER IDENTIFIER
control field OSt
005 - DATE AND TIME OF LATEST TRANSACTION
control field 20260428115909.0
008 - FIXED-LENGTH DATA ELEMENTS--GENERAL INFORMATION
fixed length control field 260428b |||||||| |||| 00| 0 esp d
020 ## - INTERNATIONAL STANDARD BOOK NUMBER
International Standard Book Number 9789974814639
082 ## - DEWEY DECIMAL CLASSIFICATION NUMBER
Edition number 9789974814639
100 ## - MAIN ENTRY--PERSONAL NAME
Personal name Dr. Carlos J. Ausbruch Moreno
245 ## - TITLE STATEMENT
Title Manual Práctico de Tecnología Radiológica Dental y Maxilofacial
250 ## - EDITION STATEMENT
Edition statement 1ra edición
260 ## - PUBLICATION, DISTRIBUTION, ETC.
Place of publication, distribution, etc. Bogotá/Buenos Aires
Name of publisher, distributor, etc. Editorial Reymo
Date of publication, distribution, etc. 2009
300 ## - PHYSICAL DESCRIPTION
Extent 464 pág
Dimensions 24 x 17
490 ## - SERIES STATEMENT
Materials specified tapa dura
520 ## - SUMMARY, ETC.
Summary, etc. El objetivo primordial de esta obra técnica consiste en proporcionar una guía integral y sistematizada sobre los principios fundamentales de la radiología aplicada al área odontológica y maxilofacial. El autor se propone dotar al profesional y al estudiante de herramientas teóricas y prácticas para la correcta manipulación de la aparatología radiológica de última generación. A través de su contenido, el manual busca estandarizar los protocolos de adquisición de imágenes, asegurando que cada toma cumpla con los estándares diagnósticos requeridos en la práctica clínica actual. Asimismo, el texto enfatiza la importancia de la seguridad radiológica, estableciendo normas estrictas de bioseguridad para proteger tanto al operador como al paciente durante el procedimiento. La obra también persigue el desarrollo de habilidades críticas para la interpretación precisa de radiografías intraorales y extraorales en diversas patologías. El enfoque didáctico facilita la transición del conocimiento académico a la aplicación directa en el consultorio, optimizando los recursos técnicos disponibles. En última instancia, el libro pretende elevar la calidad de los diagnósticos por imagen, permitiendo tratamientos odontológicos más precisos y seguros.
650 ## - SUBJECT ADDED ENTRY--TOPICAL TERM
General subdivision Fundamentos de la Radiología:
651 ## - SUBJECT ADDED ENTRY--GEOGRAPHIC NAME
General subdivision Aparatología y Equipamiento
654 ## - SUBJECT ADDED ENTRY--FACETED TOPICAL TERMS
General subdivision Técnicas Radiográficas Intraorales
700 ## - ADDED ENTRY--PERSONAL NAME
Personal name Dr. Carlos J. Ausbruch Moreno
942 ## - ADDED ENTRY ELEMENTS (KOHA)
Source of classification or shelving scheme Dewey Decimal Classification
Koha item type Libros
Suppress in OPAC No
Existencias
Withdrawn status Lost status Source of classification or shelving scheme Damaged status Not for loan Collection Home library Current library Shelving location Date acquired Source of acquisition Coded location qualifier Inventory number Total checkouts Full call number Barcode Date last seen Copy number Price effective from Koha item type
    Dewey Decimal Classification     Estantería D Fila 4 Biblioteca Stanford Biblioteca Stanford Biblioteca Cerrada 28.04.2026 odontologia 0786 0786   odontología ODON0786 28.04.2026 1 28.04.2026 Libros
Bienvenido a nuestra Biblioteca